000 00594nam a2200229 a 4500
001 nice12345678
003 IN_TiNIC
005 20260116013304.0
008 050524s1996 dela grp 000 0 eng
020 _a8172146
_c15
082 0 0 _a275.4
_bIND
245 _aGospel and Culture
_b an Indian Encounter
260 _aDelhi
_bISPCK
_c1996
300 _a44p
500 _aincludes index and biblioraphy
505 2 _aNine Pamphlets
650 _aChurch-India
710 2 _aIndian Society for Promoting Christian Knowledge
902 _bSRS
942 _cBK
999 _c10419
_d10419